000 00373 a2200133 4500
000 nam a22 7a 4500
100 _aDarshana Kumari
110 _aDarshana Kumari
245 _aMicroeconomics: Private and Public Choice
250 _aLatest edition
260 _bSCIENTIFIC BOOKS INTERNATIONAL
_c2026
264 _bSCIENTIFIC BOOKS INTERNATIONAL
_c2026
942 _cBK
999 _c395944
_d395944